| 000 | 00883nas a2200265 4500 | ||
|---|---|---|---|
| 001 | BR0705815 | ||
| 003 | BR-BrBNA | ||
| 005 | 20231205111203.0 | ||
| 007 | ta | ||
| 008 | 230509b bl.|||p| |||| 00| 00por d | ||
| 040 |
_aBR-BrBNA _bpor _cBiblioteca Nacional de Agricultura |
||
| 041 | _a(Pt) | ||
| 072 | _aQ53 | ||
| 100 | 1 | _aCardoso, A.L.S.P. | |
| 100 | 1 | _aTessari, E.N.C. | |
| 100 | 1 | _aCastro, A.G.M. | |
| 100 | 1 | _aKanashiro, A.M.I. | |
| 100 | 1 | _aGama, N.M.S.Q. | |
| 245 | 1 | _aPesquisa de coliformes totais e coliformes fecais analisados em ovos comerciais no laboratorio de patologia avícola de descalvado Instituto Biológico | |
| 650 | _aBACTERIA PATOGENICA | ||
| 650 | _aOVO | ||
| 773 | 0 |
_tArquivos do Instituto Biológico (Brazil) _xISSN 0020-3653 _g(Jan-Jun 2001), v. 68(1) p. 19-22 _wBR0705815 |
|
| 909 |
_a202311 _bLúcia _c55 _dLúcia Elande |
||
| 942 |
_2AGRIS _n0 _cANA |
||
| 999 |
_c191212 _d191212 |
||